Anatomy and Physiology in health and Illness (Record no. 3823)

MARC details
000 -LEADER
fixed length control field 00318nam a2200133Ia 4500
008 - FIXED-LENGTH DATA ELEMENTS--GENERAL INFORMATION
fixed length control field 230312s9999||||xx |||||||||||||| ||und||
082 ## - DEWEY DECIMAL CLASSIFICATION NUMBER
Classification number 743.49
Item number WAV-A
100 ## - MAIN ENTRY--PERSONAL NAME
Personal name Waugh, Anne
245 #0 - TITLE STATEMENT
Title Anatomy and Physiology in health and Illness
300 ## - PHYSICAL DESCRIPTION
Extent 490
546 ## - LANGUAGE NOTE
Language note Eng.
650 ## - SUBJECT ADDED ENTRY--TOPICAL TERM
Topical term or geographic name entry element Medical
Form subdivision Anatomy
942 ## - ADDED ENTRY ELEMENTS (KOHA)
Koha item type BOOK
Holdings
Withdrawn status Lost status Source of classification or shelving scheme Damaged status Not for loan Home library Current library Date acquired Total Checkouts Full call number Barcode Date last seen Date last checked out Price effective from Koha item type
    Dewey Decimal Classification     Superior Information Resource Center (SIRC) Superior University- Main Campus Superior Information Resource Center (SIRC) Superior University- Main Campus 03/13/2023 2 743.49 WAV-A 3847 07/22/2025 07/17/2025 03/13/2023 BOOK

Powered by Koha